000
00240nam a2200097Ia 4500
001
921371
005
20250826191424.0
008
250824s9999 xx 000 0 und d
245
0
_a
ÇALINMIŞ HAFIZALAR
_c
TED DEKKER
260
_b
KYRHOS YAYINLARI
999
_c
921371
_d
921371